Vision: (Record no. 13647)

000 -LEADER
fixed length control field 00552nam a2200181 a 4500
001 - CONTROL NUMBER
control field :::00011470$&:&@@
003 - CONTROL NUMBER IDENTIFIER
control field OkBaRHE
005 - DATE AND TIME OF LATEST TRANSACTION
control field 20000607103408.0
008 - FIXED-LENGTH DATA ELEMENTS--GENERAL INFORMATION
fixed length control field s1983 j 000 0 eng u
040 ## - CATALOGING SOURCE
Transcribing agency
100 1# - MAIN ENTRY--PERSONAL NAME
Personal name Tucker, Ron.
245 10 - TITLE STATEMENT
Title Vision:
Remainder of title a Bible study in three lessons.
260 ## - PUBLICATION, DISTRIBUTION, ETC. (IMPRINT)
Place of publication, distribution, etc Maryland Heights, MO., :
Name of publisher, distributor, etc Grace World Outreach Center
Date of publication, distribution, etc c1983
300 ## - PHYSICAL DESCRIPTION
Extent 18 p. ;
Dimensions 22 cm.
650 ## - SUBJECT ADDED ENTRY--TOPICAL TERM
Topical term or geographic name as entry element Visions
942 ## - ADDED ENTRY ELEMENTS (KOHA)
Source of classification or shelving scheme
Koha item type Books
Copies
Not for loan Price effective from Date acquired Source of classification or shelving scheme Date last seen Full call number Copy number Koha item type Lost status Damaged status Withdrawn status Shelving location Barcode Permanent Location
 2010-04-142010-04-14 2010-04-14BV 5091 .T81Books   General Stacks11470RHEMA Bible Training College